000 01036nam a2200277Ia 4500
003 OSt
005 20221005111155.0
006 a|||||r|||| 00| 0
007 ta
008 221004b |||||||| |||| 00| 0 hin d
020 _a9788181436443 (hbk)
024 _a27022
037 _bGift, 17/05/2016,
_cTextual
040 _aCRL
_cCRL
_bhin
041 _2hin
_ahin
082 _aY2255:4.2, 152P7
100 _aअगनानी, मनोहर
245 0 _aकहॉं खो गई बेटियॉं
246 _aKahaॉan kho gaī beṭiyaॉan
260 _aनई दिल्ली
_bवाणी प्रकाशन भारत
_c2007
300 _a142पृ0
_ccm.
650 _aभारतीय-लोक साहित्य
700 _a सक्सेना, एस. के., अनु.
_9623633
942 _hY2255:4.2, 152P7
_cTEXL
_2cc
999 _c1021041
_d1021041